000 00429nam a2200169Ia 4500
005 20250923144428.0
008 008 250917s9999 xx 000 0 eng d
037 _aTextual
040 _aDSWL
_beng
_cDSWL
041 _aeng
_2eng
084 _qDSWL
100 _aDeshpande, S.R
_9824801
245 0 _aReport on an inquiry
_cby S.R Deshpande
260 _c1946
942 _cTEXL
999 _c1438749
_d1438749